Darwinismo y manuales escolares en España e Inglaterra en el siglo XIX (1870-1902) / (Record no. 182510)

MARC details
000 -LEADER
campo de control de longitud fija 01323nam a2200325 i 4500
001 - NÚMERO DE CONTROL
campo de control 182510
003 - IDENTIFICADOR DE NÚMERO DE CONTROL
campo de control ES-MaACL
005 - FECHA Y HORA DE LA ÚLTIMA TRANSACCIÓN
campo de control 20250729035309.0
008 - DATOS DE LONGITUD FIJA--INFORMACIÓN GENERAL
campo de control de longitud fija 130910s2010 sp a | |||||||| | spa d
020 ## - NÚMERO INTERNACIONAL ESTÁNDAR DEL LIBRO
Número Internacional Estándar del Libro 978-84-362-6077-9
080 ## - NÚMERO DE LA CLASIFICACIÓN DECIMAL UNIVERSAL
Número de la Clasificación Decimal Universal 5/6:371.671"18"
080 ## - NÚMERO DE LA CLASIFICACIÓN DECIMAL UNIVERSAL
Número de la Clasificación Decimal Universal 575.8.01(460)"18"
080 ## - NÚMERO DE LA CLASIFICACIÓN DECIMAL UNIVERSAL
Número de la Clasificación Decimal Universal 575.8.01(410.1)"18"
100 1# - ENTRADA PRINCIPAL--NOMBRE DE PERSONA
Nombre de persona Hernández Laille, Margarita.
9 (RLIN) 153382
245 10 - MENCIÓN DEL TÍTULO
Título Darwinismo y manuales escolares en España e Inglaterra en el siglo XIX (1870-1902) /
Mención de responsabilidad, etc. Margarita Hernández Laille ; prólogo de Diego Núñez.
260 ## - PUBLICACIÓN, DISTRIBUCIÓN, ETC.
Lugar de publicación, distribución, etc. Madrid :
Nombre del editor, distribuidor, etc. Universidad Nacional de Educación a Distancia,
Fecha de publicación, distribución, etc. 2010.
300 ## - DESCRIPCIÓN FÍSICA
Extensión 467 p. ;
Dimensiones 24 cm.
490 1# - MENCIÓN DE SERIE
Mención de serie CT / UNED ;
Designación de volumen o secuencia 002.
Mención de serie Serie "Proyecto Manes"
500 ## - NOTA GENERAL
Nota general Incluye apéndice documental.
504 ## - NOTA DE BIBLIOGRAFÍA, ETC.
Nota de bibliografía, etc. Bibliografía: p. 365-401.
650 #7 - PUNTO DE ACCESO ADICIONAL DE MATERIA--TÉRMINO DE MATERIA
Término de materia o nombre geográfico como elemento de entrada Ciencias-
Subdivisión general Libros de texto
Fuente del encabezamiento o término
9 (RLIN) 162876
650 #4 - PUNTO DE ACCESO ADICIONAL DE MATERIA--TÉRMINO DE MATERIA
Término de materia o nombre geográfico como elemento de entrada Evolucionismo-
Subdivisión geográfica España-
Subdivisión de forma Historia.
9 (RLIN) 153383
650 #4 - PUNTO DE ACCESO ADICIONAL DE MATERIA--TÉRMINO DE MATERIA
Término de materia o nombre geográfico como elemento de entrada Evolucionismo-
Subdivisión geográfica Inglaterra-
Subdivisión de forma Historia.
9 (RLIN) 153384
700 1# - ENTRADA AGREGADA--NOMBRE PERSONAL
Nombre de persona Núñez, Diego.
9 (RLIN) 86147
830 0# - PUNTO DE ACCESO ADICIONAL DE SERIE-TÍTULO UNIFORME
Título uniforme CT / UNED ;
Designación de volumen o secuencia 002.
Título uniforme Serie "Proyecto Manes"
9 (RLIN) 224842
852 ## - LOCALIZACIÓN
Ubicación ES-MaACL
Número de control de estantería A-12894
itemnumber 189422
Sublocalización o colección R.149706
Ubicación en estantería Depósito 1
Signatura antigua Olim: N-5894
Encuadernación Donación: Margarita Hernández Laille
903 ## - NOMBRE PERSONAL DE DONANTE
9 153382
a Hernández Laille, Margarita
e Donante
942 ## - ELEMENTOS DE ENTRADA SECUNDARIOS (KOHA)
Fuente del sistema de clasificación o colocación Clasificación decimal universal
Tipo de ítem Koha Libro impreso
Holdings
Estatus retirado Estado de pérdida Fuente del sistema de clasificación o colocación Estado de daño No para préstamo Biblioteca de origen Biblioteca actual Ubicación en estantería Fecha de adquisición Fuente de adquisición Total de préstamos Signatura topográfica completa Código de barras Visto por última vez Precio de reemplazo Tipo de ítem Koha
    Clasificación decimal universal     Biblioteca del Ateneo de Madrid Biblioteca del Ateneo de Madrid Depósito 1 10/09/2013 Donación   A-12894 1191799 23/02/2023 23/02/2023 Libro impreso